| 000 | 00743cam a2200229 a 4500 | ||
|---|---|---|---|
| 001 | 1967650 | ||
| 005 | 20180125091640.0 | ||
| 008 | 891104s1988 mtua b 001 0 eng | ||
| 010 | _a 88080229 | ||
| 020 | _a0937959367 | ||
| 040 |
_aDLC _cDLC _dDLC |
||
| 041 | _aeng | ||
| 043 | _anr----- | ||
| 080 | _a582.130978 dee | ||
| 082 | 0 | 0 |
_a582.130978 dee _220 |
| 100 | 1 | _a10 | |
| 101 | _amje | ||
| 245 | 1 | 0 |
_aForest wildflowers : _cphotography and text by Dee Strickler ; illustration and graphic design by Zoe Strickler-Wilson. |
| 504 | _aBibliography: p. 89. | ||
| 906 |
_a7 _bcbc _corignew _d3 _eopcn _f19 _gy-gencatlg |
||
| 942 |
_2ddc _cBK |
||
| 999 |
_c40980 _d40980 |
||